[Event "US Chess League 2012"]
[Site "ICC INT"]
[Date "2012.10.04"]
[Round "5"]
[White "Amanov,Z"]
[Black "Holt,C"]
[Result "0-1"]
[WhiteElo "2373"]
[BlackElo "2496"]

1.c4 c6 2.e4 d5 3.exd5 Nf6 4.Nc3 cxd5 5.cxd5 Nxd5 6.Nf3 e6 7.d4 Nc6 8.Bd3 Bb4
9.Bd2 O-O 10.O-O Be7 11.Re1 Nf6 12.Bg5 h6 13.Bh4 Kh8 14.Bc2 Nb4 15.Bb1 Bd7
16.a3 Nbd5 17.Nxd5 Nxd5 18.Qd3 g6 19.Bg3 Qb6 20.Qd2 Kg7 21.h4 Rad8 22.Ba2 Ba4
23.Rac1 Bf6 24.h5 g5 25.Bb1 Qa6 26.Bd3 Bb5 27.Bb1 Rh8 28.Qc2 Ne7 29.Qb3 Nc6
30.Be5 Bxe5 31.dxe5 Bd3 32.Re3 Bxb1 33.Rxb1 Rd5 34.Rbe1 Rhd8 35.Qc2 Rd3 36.Re4 Qb5
37.Kh2 R8d5 38.Qc1 Rc5 39.Qb1 Qb3 40.R4e3 Rxe3 41.Rxe3 Qc2 42.Qxc2 Rxc2 43.Rb3 Na5
44.Rb5 b6 45.Kg3 Nc4 46.b3 Nxa3 47.Rb4 Rc3 48.Kh2 Nc2 49.Ra4 a5 50.Nd2 Rd3
51.Ne4 Rxb3 52.Nd6 Nb4 53.Ra1 Nd3 54.f3 Nxe5 55.Rc1 a4 56.Rc8 a3 57.Ne8+ Kf8
58.Nf6+ Ke7 59.Ng8+ Kd7 60.Ra8 Nc6 61.Nxh6 Na5 62.Nxf7 a2 63.h6 a1=Q 64.h7 Rb1  0-1

[Event "TCh-Central SRB 2012"]
[Site "Vrnjacka Banja SRB"]
[Date "2012.10.04"]
[Round "8.6"]
[White "Pajic,M"]
[Black "Ljubinkovic,M"]
[Result "1/2-1/2"]
[WhiteElo "2177"]
[BlackElo "2276"]

1.c4 c6 2.d4 d5 3.cxd5 cxd5 4.Nc3 Nf6 5.Bf4 a6 6.Nf3 e6 7.e3 Be7 8.Bd3 Nh5
9.Bg3 Nxg3 10.hxg3 h6 11.Rc1 Nd7  1/2-1/2

[Event "TATA 50th ch-IND National Premier"]
[Site "Kolkata IND"]
[Date "2012.10.05"]
[Round "5.14"]
[White "Sethuraman,S"]
[Black "Abhilash,R"]
[Result "1-0"]
[WhiteElo "2553"]
[BlackElo "2242"]

1.c4 c6 2.d4 d6 3.Nf3 Nd7 4.Nc3 e5 5.e4 Ngf6 6.g3 Be7 7.Bg2 a6 8.a4 a5 9.O-O O-O
10.h3 Re8 11.Be3 exd4 12.Nxd4 Bf8 13.Qc2 Nc5 14.Rad1 Qc7 15.f4 Nfd7 16.g4 Na6
17.Qf2 Ndc5 18.g5 Nb4 19.Qg3 Bd7 20.f5 Nbd3 21.Nf3 g6 22.Nh2 Ne5 23.Bxc5 dxc5
24.Ng4 Bg7 25.Nf6+ Bxf6 26.gxf6 Qd8 27.Rd6 b6 28.fxg6 fxg6 29.f7+ Nxf7 30.Rxg6+ hxg6
31.Qxg6+ Kh8 32.Rxf7  1-0

[Event "TCh-AUT 2 East 2012-13"]
[Site "Austria AUT"]
[Date "2012.10.06"]
[Round "1.5"]
[White "Kirschner,A"]
[Black "Loidl,F"]
[Result "0-1"]
[WhiteElo "2281"]
[BlackElo "2203"]

1.c4 c6 2.e4 d5 3.exd5 cxd5 4.cxd5 Nf6 5.Qa4+ Nbd7 6.Nc3 g6 7.Nf3 Bg7 8.Bc4 O-O
9.d3 a6 10.Qa3 Ne8 11.O-O Ndf6 12.Re1 Nd6 13.Bf4 Bg4 14.Nd2 b5 15.Bb3 Qb6
16.Bd1 Bxd1 17.Raxd1 Ng4 18.Be3 Qb8 19.Qb4 f5 20.Nf3 a5 21.Qf4 Bh6 22.Ng5 b4
23.Na4 Qb5 24.Nc5 Nxe3 25.Qxe3 Bxg5 26.Qxg5 Qxc5 27.Rxe7 Qxd5 28.Qh4 Rf7
29.Rxf7 Nxf7 30.b3 Re8 31.h3 Re2 32.Rc1 Kg7 33.Qg3 Rxa2 34.Rc7 a4 35.bxa4 b3  0-1

[Event "FSFMA1 October 2012"]
[Site "Budapest HUN"]
[Date "2012.10.06"]
[Round "1.3"]
[White "Szalanczy,E"]
[Black "Nasser,Bader"]
[Result "1-0"]
[WhiteElo "2256"]
[BlackElo "2021"]

1.c4 c6 2.e4 d5 3.exd5 cxd5 4.d4 Nf6 5.Nc3 Nc6 6.Bg5 e6 7.Nf3 Bb4 8.Rc1 O-O
9.Bd3 dxc4 10.Bxc4 h6 11.Bh4 g5 12.Bg3 g4 13.Ne5 Qxd4 14.O-O Bxc3 15.Rxc3 Qxd1
16.Rxd1 Rd8 17.Rxd8+ Nxd8 18.Bh4 Kg7 19.h3 b6 20.Nxg4 Nxg4 21.Rg3 Bb7 22.Rxg4+ Kf8
23.Bf6 Rc8 24.Bd3 Bd5 25.Rh4 Ke8 26.Rxh6 Kd7 27.h4 Rc1+ 28.Kh2 Rd1 29.Bb5+ Nc6
30.Rh7 Ke8 31.Kg3 Rg1 32.f3 Re1 33.a4 e5 34.Kf2 Rc1 35.Bxe5 Ke7 36.Bc3 a5
37.Rh6  1-0

[Event "TCh-CHN 2012"]
[Site "Hangzhou CHN"]
[Date "2012.10.06"]
[Round "15"]
[White "Xiu Deshun"]
[Black "Lu Shanglei"]
[Result "1/2-1/2"]
[WhiteElo "2492"]
[BlackElo "2514"]

1.c4 c6 2.Nf3 Nf6 3.g3 d5 4.Bg2 e6 5.O-O Nbd7 6.d4 Bd6 7.Nfd2 b5 8.cxb5 cxb5
9.e4 Nxe4 10.Nxe4 dxe4 11.Nc3 f5 12.f3 b4 13.Nb5 Nf6 14.fxe4 fxe4 15.Bxe4 Nxe4
16.Qf3 Be7 17.Qxe4 Rb8 18.Qe5 Rb7 19.Qxg7 Rf8 20.Bg5 Rxb5 21.Qxf8+ Bxf8 22.Bxd8 Bh6
23.Bf6 Be3+ 24.Kg2 Bb7+ 25.Kh3 Rh5+ 26.Bh4 Bc8 27.Kg4 Ra5 28.a3 e5+ 29.Kf3 exd4
30.g4 h5 31.h3 Bb7+ 32.Kg3 Rc5 33.Rae1 bxa3 34.bxa3 Kd7 35.Rf7+ Kc8 36.Rf8+ Kc7
37.Bf6 Rc2 38.Rf7+ Kc6 39.Rb1 Ba6 40.Bd8 Kd5 41.Rf5+ Ke4 42.Bf6 hxg4 43.hxg4 Bc4
44.Rd1 Rd2 45.Rxd2 Bxd2 46.Re5+ Kd3 47.g5 Bf7 48.Re7 Bg6 49.Rg7 Bf5 50.g6 Be3
51.Rg8 Ke2 52.g7 d3 53.Bc3 Be6 54.Re8 Bc4 55.Rc8 Be6 56.Rd8 Bc4 57.Kg4 Be6+
58.Kh5 Bf7+ 59.Kg4 Be6+ 60.Kh4 Bc4 61.a4 d2 62.Bxd2 Bxd2 63.Rc8 Bb3 64.Rb8 Ba2
65.a5 Bc3 66.Rb7 a6 67.Ra7 Kd3 68.Rxa6 Bxg7 69.Ra8 Kd4  1/2-1/2

[Event "St Petersburg Rapid Cup 2012"]
[Site "St Petersburg RUS"]
[Date "2012.10.06"]
[Round "6.3"]
[White "Svidler,P"]
[Black "Inarkiev,E"]
[Result "1-0"]
[WhiteElo "2747"]
[BlackElo "2683"]

1.c4 c6 2.d4 d5 3.Nf3 Nf6 4.e3 Bg4 5.h3 Bh5 6.Nc3 e6 7.g4 Bg6 8.Ne5 Nbd7
9.Nxg6 hxg6 10.a3 a6 11.Bd2 Be7 12.g5 Ng8 13.f4 Bd6 14.Qf3 Ne7 15.O-O-O Nf5
16.Kb1 Rb8 17.e4 dxe4 18.Nxe4 Be7 19.Be1 Qc7 20.h4 Rd8 21.Bf2 Qa5 22.Be2 Qa4
23.d5 exd5 24.cxd5 cxd5 25.Rxd5 Qc6 26.Rd2 O-O 27.Rc2 Qa4 28.h5 Rc8 29.Bd1 Rxc2
30.Bxc2 Qc6 31.hxg6 Rc8 32.gxf7+ Kxf7 33.Qb3+ Ke8 34.Rh8+ Nf8 35.Nf6+ gxf6
36.Bxf5 Qc1+ 37.Ka2 Rd8 38.g6 Rd1 39.Qf7+ Kd8 40.Bb6+  1-0

[Event "TCh-Belgrade Premier 2012"]
[Site "Belgrade SRB"]
[Date "2012.10.07"]
[Round "6.3"]
[White "Jovanovic,Zo1 SCG"]
[Black "Skare,G"]
[Result "1-0"]
[WhiteElo "2335"]
[BlackElo "2335"]

1.c4 c6 2.g3 d5 3.Nf3 e6 4.Bg2 f5 5.O-O Nf6 6.b3 Bd6 7.Ba3 e5 8.d4 e4 9.Ne5 O-O
10.f4 Be6 11.Bxd6 Qxd6 12.Nc3 c5 13.Nb5 Qe7 14.dxc5 Na6 15.e3 Rfd8 16.Qe1 dxc4
17.b4 Nc7 18.Nd4 Rxd4 19.exd4 Rd8 20.Qf2 Nb5 21.Rfd1 Nd5 22.a4 e3 23.Qe1 e2
24.axb5 exd1=Q 25.Rxd1 c3 26.Bxd5 Bxd5 27.Qxc3 Qe8 28.c6 b6 29.Rc1 Qh5 30.Qe3 h6
31.h4 Kh7 32.Re1 Re8 33.Qe2 Qxe2 34.Rxe2 Rc8 35.h5 Rc7 36.Kf2 Kg8 37.Ng6 Be4
38.d5  1-0

[Event "Florence Move 2012"]
[Site "Florence ITA"]
[Date "2012.10.07"]
[Round "4.2"]
[White "Collutiis,D"]
[Black "Zimina,O"]
[Result "1-0"]
[WhiteElo "2501"]
[BlackElo "2339"]

1.c4 c6 2.g3 d5 3.Nf3 Nf6 4.Bg2 g6 5.b3 Bg7 6.Bb2 O-O 7.O-O Bg4 8.d3 Bxf3
9.Bxf3 e6 10.Nd2 Nbd7 11.Qc2 Re8 12.Bg2 a5 13.cxd5 cxd5 14.Rac1 Bh6 15.e3 Rc8
16.Qb1 Qb6 17.Bd4 Qd6 18.Rxc8 Rxc8 19.Rc1 Rc6 20.Qb2 Ne8 21.Rxc6 Qxc6 22.e4 Nc7
23.exd5 exd5 24.Nc4 Qb5 25.a4 Qa6 26.Ne5 Nxe5 27.Bxe5 Qc6 28.Qc3 Ne6 29.Qxa5 Qc1+
30.Bf1 Qc6 31.Qc3 Qxc3 32.Bxc3 Nc5 33.Bg2 Nxb3 34.Bxd5 Nc5 35.a5 Bf8 36.d4 Na4
37.Bd2 Bg7 38.Be3 b5 39.Bb3 Nc3 40.a6 Ne2+ 41.Kf1 Nxd4 42.a7  1-0

[Event "TCh-HUN 2012-13"]
[Site "Kecskemet HUN"]
[Date "2012.10.07"]
[Round "2"]
[White "Nevednichy,V"]
[Black "Kiss,Pa1"]
[Result "1-0"]
[WhiteElo "2554"]
[BlackElo "2356"]

1.c4 c6 2.e4 d5 3.exd5 cxd5 4.cxd5 Nf6 5.Nc3 Nxd5 6.Nf3 e6 7.d4 Bb4 8.Bd2 Nc6
9.Bb5 O-O 10.O-O Nxc3 11.bxc3 Be7 12.Qe2 Bd7 13.Bd3 Bf6 14.h4 Re8 15.Ng5 g6
16.Qf3 Kg7 17.Rfe1 Na5 18.Ne4 Bxh4 19.Qf4 f5 20.Qh6+ Kg8 21.Ng5 Bxg5 22.Bxg5 Qc7
23.c4 Ba4 24.Re3 Nc6 25.Bf6 Qf7 26.Qh4 Nb4 27.Rae1 Nxd3 28.Rxd3 Rac8 29.Rc3 Bc6
30.Rce3 Bd7 31.d5 b5 32.cxb5 e5 33.Rxe5 Rxe5 34.Rxe5 Re8 35.a4 Rxe5 36.Bxe5 Qxd5
37.Bd4 Be6 38.Qf6 Qd7 39.Qh8+ Kf7 40.Qxh7+ Ke8 41.Qxg6+ Kd8 42.Qg5+ Kc8 43.Qc1+ Kb8
44.Qc5 Ka8 45.a5 Kb8 46.a6 Ka8 47.f3 Kb8 48.Kf2 Ka8 49.Kg3 Kb8 50.Be5+ Ka8
51.b6 axb6 52.Qxb6 Qc8 53.a7  1-0

[Event "TCh-Moscow 2012"]
[Site "Moscow RUS"]
[Date "2012.10.07"]
[Round "7.1"]
[White "Belous,V"]
[Black "Dubov,Danii"]
[Result "1/2-1/2"]
[WhiteElo "2551"]
[BlackElo "2603"]

1.c4 c6 2.Nf3 Nf6 3.Nc3 d5 4.e3 g6 5.d4 Bg7 6.Bd3 O-O 7.O-O a6 8.b3 Bg4 9.h3 Bxf3
10.Qxf3 e5 11.dxe5 Nfd7 12.cxd5 Nxe5 13.Qd1 cxd5 14.Be2 Nec6 15.Bb2 d4 16.Na4 b5
17.Nc5 Qb6 18.exd4 Rd8 19.Qc2 Nxd4 20.Bxd4 Bxd4 21.Rac1 Nc6 22.Nd7 Rxd7 23.Qxc6 Rad8  1/2-1/2

[Event "TCh-Central SRB 2012"]
[Site "Vrnjacka Banja SRB"]
[Date "2012.10.07"]
[Round "11.3"]
[White "Pap,G"]
[Black "Kasparov,S"]
[Result "1/2-1/2"]
[WhiteElo "2569"]
[BlackElo "2482"]

1.c4 c6 2.d4 d5 3.Nf3 Nf6 4.Nc3 a6 5.a4 e6 6.g3 c5 7.cxd5 cxd4 8.Nxd4 Nxd5
9.Nc2 Nxc3 10.Qxd8+ Kxd8 11.bxc3 Bd7 12.Bg2 Bc6 13.O-O Bxg2 14.Kxg2 Nd7 15.Rd1 Bc5
16.Bf4 Ke7 17.Rab1 b6 18.a5 Rhc8 19.axb6 Nxb6 20.Nb4 Nc4 21.Nd3 Bd6 22.Rb7+ Ke8
23.Nb4 e5 24.Be3 a5 25.Nd5 Rcb8 26.Rxb8+ Rxb8 27.Ra1 Rb5 28.Ra4 Nb2 29.Ra2 Nc4
30.Ra4 Nb2 31.Ra2  1/2-1/2

[Event "TCh-Belgrade Premier 2012"]
[Site "Belgrade SRB"]
[Date "2012.10.08"]
[Round "7.4"]
[White "Ilijc,M"]
[Black "Radivojevic,MilanR"]
[Result "1/2-1/2"]
[WhiteElo "2225"]
[BlackElo "2302"]

1.c4 c6 2.b3 d5 3.Bb2 Bf5 4.Nf3 e6 5.g3 h6 6.Bg2 Nf6 7.O-O Be7 8.d3 O-O 9.Nbd2 Bh7
10.Qc2 Nbd7 11.Rad1 a5 12.Rfe1 Qb6 13.Bd4 Bc5 14.Bxc5 Nxc5 15.Ne5 Rfd8 16.Ndf3 Ne8
17.Rb1 f6 18.Ng4 d4 19.h4 Bf5 20.Ngh2 e5 21.Nd2 Na6 22.a3 c5 23.Ne4 Bd7 24.g4 Bc6
25.Qd2 Qc7 26.g5 hxg5 27.hxg5 f5 28.Ng3 g6 29.e3 Bxg2 30.Kxg2 dxe3 31.fxe3 Rd7
32.Rbd1 Rad8 33.Qe2 Ng7 34.Nf3 Ne6 35.Qb2 e4 36.Ne5 Rh7 37.dxe4 f4 38.Ng4 Rxd1
39.Rxd1 fxg3 40.Nf6+ Kf8 41.Nxh7+ Qxh7 42.Qf6+ Qf7 43.Qxf7+ Kxf7 44.Rd7+ Ke8
45.Rxb7 Nac7 46.Ra7 Kd7 47.Rxa5 Nxg5 48.Rxc5 Nxe4 49.Re5 Nd2 50.Rg5 Nxb3
51.Rxg6 Na5 52.Rg4 Kd6 53.Kf3 Kc5 54.Rg5+ Kb6 55.Rg6+ Kc5 56.Rg5+ Kb6 57.c5+ Kc6
58.Ke4 Nb7 59.Rxg3 Kxc5 60.Rg5+ Kb6 61.Kd3 Nb5 62.a4 N5d6 63.Kd4 Nf7 64.Rg7 Nfd8
65.Kd5 Ka5 66.Rg4 Nf7 67.e4 Nbd8 68.e5 Nxe5 69.Kxe5 Nc6+ 70.Kd6 Nb4 71.Rc4 Nd3
72.Rc3 Nb2 73.Rb3 Nxa4 74.Kc6 Ka6 75.Rb8 Ka5 76.Rb5+ Ka6 77.Rh5 Nc3  1/2-1/2

[Event "TATA 50th ch-IND National Premier 2012"]
[Site "Kolkata IND"]
[Date "2012.10.12"]
[Round "11.19"]
[White "Ram,S"]
[Black "Ravi,TeS"]
[Result "0-1"]
[WhiteElo "2303"]
[BlackElo "2288"]

1.c4 c6 2.e4 d5 3.exd5 cxd5 4.d4 Nf6 5.Nc3 Nc6 6.Bg5 dxc4 7.d5 Ne5 8.Qd4 Nd3+
9.Bxd3 cxd3 10.O-O-O h6 11.Bxf6 gxf6 12.Qxd3 Qd7 13.Nf3 h5 14.Rhe1 Bh6+ 15.Kb1 Qf5
16.Ne4 O-O 17.Qa3 Re8 18.Nh4 Qh7 19.Ka1 Bf5 20.Nxf5 Qxf5 21.Ng3 Qxf2 22.Rf1 Qe3
23.Rd3 Qe5 24.Qb4 Rac8 25.a3 Rc1+ 26.Rxc1 Bxc1 27.Kb1 Bf4 28.Nxh5 Bxh2 29.Qg4+ Qg5
30.Qh3 Qg6 31.Ka2 Be5 32.Rb3 b6 33.Rb4 f5 34.Rh4 Rf8 35.Qe3 Bd6 36.Qd4 e5
37.Qa4 Be7 38.Rh3 f4 39.Qxa7 Qd6 40.Rd3 Bg5 41.Qa4 Qg6 42.Qd1 f3 43.g4 e4
44.Rc3 Rd8 45.Qd4 e3 46.Rxe3 Bxe3 47.Qxe3 Kf8 48.Qxf3 Qc2 49.Nf6 b5 50.g5 Qc4+
51.Kb1 Ke7 52.Qe3+ Kf8 53.Qh3 Ke7 54.Qf5 Qd4 55.d6+ Qxd6 56.Qe4+ Kf8 57.Qh4 b4  0-1

[Event "28th European Club Cup"]
[Site "Eilat ISR"]
[Date "2012.10.13"]
[Round "3.6"]
[White "Dancevski,O"]
[Black "Laznicka,V"]
[Result "0-1"]
[WhiteElo "2389"]
[BlackElo "2678"]

1.c4 c6 2.e4 d5 3.exd5 cxd5 4.d4 Nf6 5.Nc3 e6 6.Nf3 Bb4 7.cxd5 Nxd5 8.Bd2 O-O
9.Bd3 Nc6 10.Qc2 h6 11.Rd1 Bd6 12.Qc1 Nxc3 13.bxc3 e5 14.O-O Bg4 15.Bxh6 Bxf3
16.gxf3 Qh4 17.Bg5 Qh3 18.Be4 exd4 19.f4 Rfe8 20.Rd3 Qe6 21.Bg2 Qxa2 22.cxd4 Rac8
23.Rh3 Nxd4 24.Qd1 Ne2+ 25.Kh1 Bxf4 26.Bd5 Qa6 27.Qb1 Bxg5 28.Qh7+ Kf8 29.Re1 Ng3+
30.hxg3 Rxe1+ 31.Kh2 Qf6  0-1

[Event "28th European Club Cup"]
[Site "Eilat ISR"]
[Date "2012.10.13"]
[Round "3.9"]
[White "Dimitrijevic,A"]
[Black "Rice,C"]
[Result "1/2-1/2"]
[WhiteElo "2270"]
[BlackElo "2040"]

1.c4 c6 2.Nf3 d5 3.g3 Nf6 4.Bg2 e6 5.d4 Nbd7 6.O-O Be7 7.b3 O-O 8.Bb2 b6
9.Nbd2 Bb7 10.Qc2 Rc8 11.Rac1 Rc7 12.Rfd1 Qa8 13.cxd5 exd5 14.Ne5 Rfc8 15.e3 h6
16.Qf5 Nf8 17.a3 c5 18.dxc5 Rxc5 19.b4 Rxc1 20.Rxc1 Rxc1+ 21.Bxc1 Ne6 22.Bb2 Qc8
23.Bh3 Ba6 24.Ndf3 Bd6 25.Nd4 Nxd4 26.Qxc8+ Bxc8 27.Bxc8 Bxe5 28.exd4 Bd6
29.f3 Kf8 30.Kf2 Ke7 31.Ke3 Kd8 32.Ba6 Ke7 33.Bc1 Ke6 34.Kf2 Ke7 35.Bb5 Ke6
36.Bd3 Nd7 37.g4 g5 38.h4 f6 39.f4 Be7 40.Bf5+ Kd6 41.b5 Kc7 42.Kg2 Nf8 43.Kh3 Kd8
44.a4 Kc7 45.Bd2 Kd8 46.Kg3 Kc7 47.Kf3 Kd8 48.Be1 Bd6 49.Bg3 Ke7 50.Ke3 Ne6
51.Bxe6 Kxe6 52.f5+ Kd7 53.Bxd6 Kxd6 54.h5  1/2-1/2

[Event "28th European Club Cup"]
[Site "Eilat ISR"]
[Date "2012.10.13"]
[Round "3.13"]
[White "Sammalvuo,T"]
[Black "Raznikov,D"]
[Result "1-0"]
[WhiteElo "2466"]
[BlackElo "2465"]

1.c4 c6 2.d4 d5 3.cxd5 cxd5 4.Nf3 Nc6 5.Nc3 Nf6 6.Bf4 a6 7.Rc1 Bf5 8.e3 Rc8
9.Be2 e6 10.O-O Nd7 11.Na4 Be7 12.a3 g5 13.Bg3 h5 14.h3 h4 15.Bh2 g4 16.hxg4 Bxg4
17.Ne5 Bxe2 18.Qxe2 Ndxe5 19.Bxe5 Nxe5 20.dxe5 b5 21.Nc3 Rg8 22.a4 Rc4 23.axb5 axb5
24.Nxb5 Rcg4 25.Rc7 Rxg2+ 26.Kh1 R2g4 27.Qf3 Qb8 28.Nd6+  1-0

[Event "2nd Indonesia Open"]
[Site "Jakarta INA"]
[Date "2012.10.13"]
[Round "5.9"]
[White "Dimakiling,O"]
[Black "Megaranto,S"]
[Result "1/2-1/2"]
[WhiteElo "2470"]
[BlackElo "2532"]

1.c4 c6 2.Nc3 d5 3.cxd5 cxd5 4.d4 Nf6 5.Bf4 Nc6 6.e3 a6 7.Bd3 Bg4 8.f3 Bd7
9.g4 e6 10.h4 Qb6 11.Qd2 Rc8 12.Nge2 Na7 13.O-O Bd6 14.Rf2 Bb5 15.Bxd6 Qxd6
16.Nxb5 Nxb5 17.Nf4 O-O 18.Rd1 Rfe8 19.Bb1 Nd7 20.g5 Nf8 21.Rg2 Qc7 22.h5 Nd6
23.Qf2 Qa5 24.g6 fxg6 25.hxg6 h6 26.e4 Qa4 27.Rf1 Nb5 28.Ne2 Qb4 29.f4 dxe4
30.f5 exf5 31.a3 Qxb2 32.Qxf5 Nxd4 33.Qf7+ Kh8 34.Ba2 Nxe2+ 35.Rxe2 Qb6+
36.Kh1 Nxg6 37.Rg1 Rf8 38.Qxg6 Qxg6 39.Rxg6 Rf3 40.a4 e3 41.Re6 Rc1+ 42.Kg2 Rf4
43.R6xe3 Rxa4 44.Be6 Rf4 45.Bd5 Rc7 46.Re8+ Kh7 47.Be4+ g6 48.Re6 Rg4+ 49.Kf3 h5
50.Ke3 Kh6 51.Rf2 h4 52.Ra2 Rc5 53.Bxb7 Rc3+ 54.Kd2 Rb3 55.Bd5 Rbb4 56.Ke3 Rg3+
57.Kf2 Rgg4 58.Bf3 Rg5 59.Bd1 Rf5+ 60.Ke3 Rbb5 61.Kd2 Rbd5+ 62.Kc2 Rfe5 63.Rb6 Rc5+
64.Kd2 Rcd5+ 65.Kc2 Rc5+ 66.Kd2 Rcd5+ 67.Kc2 Rc5+  1/2-1/2

[Event "Trans-Europa-Schach-Express 2012"]
[Site "Potsdam GER"]
[Date "2012.10.13"]
[Round "3.5"]
[White "Huebner,R"]
[Black "Kindermann,S"]
[Result "0-1"]
[WhiteElo "2581"]
[BlackElo "2493"]

1.c4 c6 2.d4 d5 3.Nc3 Nf6 4.Nf3 a6 5.e3 b5 6.c5 g6 7.Bd2 Bg7 8.b4 Bg4 9.Qb3 Nbd7
10.Be2 Qc7 11.O-O O-O 12.a4 e5 13.Nxe5 Nxe5 14.dxe5 Qxe5 15.h3 Ne4 16.Nxe4 Bxe2
17.Nd6 Bxf1 18.Rxf1 Qb2 19.Qxb2 Bxb2 20.axb5 axb5 21.Nb7 Ra1 22.Na5 Rc8 23.f3 Kf8
24.Rxa1 Bxa1 25.Kf2 Ke8 26.g4 Kd7 27.f4 Re8 28.Nb7 f6 29.Kf3 Re4 30.Nd6 Rc4
31.Nxc4 dxc4 32.Ke2 f5 33.Kd1 Ke6 34.Kc2 Kd5 35.Kb1 Bg7 36.Kc2 h5 37.g5 Ke4
38.h4 Bh8 39.Bc1 c3  0-1

[Event "e2e4 High Wycombe October Open"]
[Site "High Wycombe ENG"]
[Date "2012.10.14"]
[Round "5"]
[White "Taylor,Adam C"]
[Black "Moss,Guy"]
[Result "1/2-1/2"]
[WhiteElo "1952"]
[BlackElo "1927"]

1.c4 c6 2.Nc3 Nf6 3.Nf3 d5 4.d4 dxc4 5.a4 Bf5 6.e3 e6 7.Bxc4 Bb4 8.O-O O-O
9.Qe2 Ne4 10.Nxe4 Bxe4 11.Bd2 Bxd2 12.Nxd2 Bg6 13.f4 Nd7 14.e4 Nb6 15.Qe3 Nxc4
16.Nxc4 f6 17.e5 Qd5 18.Nd6 b6 19.Rfc1 Rad8 20.Rc3 fxe5 21.fxe5 Rd7 22.b4 Rfd8
23.a5 Rxd6 24.exd6 Qxd6 25.Rac1 Qxb4 26.axb6 axb6 27.Rxc6 Qxd4 28.Qxd4 Rxd4
29.Rxe6 Rb4 30.Rc7 Rb1+ 31.Kf2 Rb2+ 32.Kg3 Rb3+ 33.Kf4 Rb4+ 34.Ke3 Rb3+ 35.Kd4 Kf8
36.Rb7 Rd3+ 37.Ke5 Re3+ 38.Kd6 Rd3+ 39.Kc6 Rd2 40.Rb8+ Kf7 41.Rd6 Be4+ 42.Kc7 Rxd6
43.Kxd6 Bxg2  1/2-1/2

[Event "28th European Club Cup"]
[Site "Eilat ISR"]
[Date "2012.10.15"]
[Round "5.16"]
[White "Van Dongen,C1"]
[Black "Rapaire,J"]
[Result "1-0"]
[WhiteElo "2357"]
[BlackElo "1899"]

1.c4 c6 2.Nf3 Nf6 3.g3 d5 4.b3 Bf5 5.Bg2 e6 6.O-O Bd6 7.Bb2 Nbd7 8.d3 Bc7
9.Nbd2 O-O 10.Re1 h6 11.e4 dxe4 12.dxe4 Bg4 13.e5 Nh7 14.h3 Bh5 15.g4 Bg6
16.h4 h5 17.g5 Bb6 18.Ne4 Bxe4 19.Rxe4 Nb8 20.Qc2 c5 21.Rd1 Qc8 22.Re3 g6
23.Nd2 Nc6 24.Bxc6 Qxc6 25.Ne4 Rad8 26.Rd6 Qc7 27.Red3 Kg7 28.Qd2 Kg8 29.Nf6+ Nxf6
30.gxf6 Kh7 31.Bc1  1-0

[Event "17th European Club Cup w"]
[Site "Eilat ISR"]
[Date "2012.10.16"]
[Round "6.1"]
[White "Kovalevskaya,E"]
[Black "Romanko,M"]
[Result "1/2-1/2"]
[WhiteElo "2405"]
[BlackElo "2365"]

1.c4 c6 2.Nf3 d5 3.e3 Nf6 4.Nc3 e6 5.Qc2 Nbd7 6.b3 b6 7.d4 Bb7 8.Bd3 Be7
9.O-O dxc4 10.bxc4 c5 11.Ne5 cxd4 12.exd4 Nxe5 13.dxe5 Nd7 14.Bf4 Nc5 15.Bxh7 Bg5
16.Bg3 Bh4 17.Be4 Bxg3 18.hxg3 Qd4 19.Bxb7 Nxb7 20.Qa4+ Qd7 21.Nb5 O-O 22.Rfd1 Qe7
23.Nd6 Rfd8 24.Nxb7 Qxb7 25.Rxd8+ Rxd8 26.Rd1 Rxd1+ 27.Qxd1 g6 28.Qd8+ Kg7
29.Qf6+ Kg8 30.Qd8+ Kg7 31.Qf6+ Kg8 32.Qd8+ Kg7  1/2-1/2

[Event "7th Americas Continental 2012"]
[Site "Mar del Plata ARG"]
[Date "2012.10.16"]
[Round "6.16"]
[White "Ricardi,P"]
[Black "Gemy,J"]
[Result "1-0"]
[WhiteElo "2505"]
[BlackElo "2333"]

1.c4 c6 2.e4 e5 3.Nf3 d6 4.d4 Bg4 5.Be2 Bxf3 6.Bxf3 exd4 7.Qxd4 Qf6 8.Qd1 Nd7
9.Nc3 Nc5 10.Be3 Qe6 11.b3 Nf6 12.O-O Be7 13.Re1 O-O 14.h3 a5 15.Qd2 Rfe8
16.Bxc5 dxc5 17.e5 Rad8 18.exf6 Rxd2 19.Rxe6 fxe6 20.fxe7 Rxe7 21.Ne4 Rd4
22.Nxc5 e5 23.Ne4 a4 24.Rc1 axb3 25.axb3 Rd3 26.b4 Rb3 27.b5 h6 28.Nc5 Ra3
29.bxc6 bxc6 30.Bxc6 Rea7 31.Bd5+ Kh7 32.g3 Ra1 33.Rxa1 Rxa1+ 34.Kg2 Kg6
35.Nd7 Kf5 36.g4+ Kf4 37.Nc5  1-0

[Event "28th European Club Cup"]
[Site "Eilat ISR"]
[Date "2012.10.17"]
[Round "7.10"]
[White "Alterman,B"]
[Black "Agrest,E"]
[Result "1/2-1/2"]
[WhiteElo "2584"]
[BlackElo "2614"]

1.c4 c6 2.Nf3 d5 3.e3 Nf6 4.d4 a6 5.Bd3 Bg4 6.b3 e6 7.Bb2 c5 8.cxd5 exd5
9.O-O Nc6 10.Be2 Bd6 11.Nbd2 cxd4 12.Nxd4 Bd7 13.N2f3 Ne7 14.Rc1 O-O 15.Bd3 Re8
16.Qc2 Bg4 17.h3 Bh5 18.Ng5 Bg6 19.Nf5 Nxf5 20.Bxf5 Ne4 21.Bxg6 Qxg5 22.Bxe4 dxe4
23.Rfd1 Rad8 24.Rd4 Qe7 25.Rcd1 Bc7 26.Rxd8 Rxd8 27.Rxd8+ Qxd8 28.g3 Qe7
29.Qc3 f6 30.Qc4+ Kf8 31.Qd5 Bd6 32.g4 h6 33.Bd4 Ba3 34.Kg2 Bd6 35.h4 Ba3
36.Qf5 Kf7 37.Qh5+ Ke6 38.Kh3 Bd6 39.Qg6 Kd7 40.Kg2 Bc7 41.Kf1 Bd6 42.Qh7 Bc7
43.Qg8 Bd6 44.Qd5 Ke8 45.g5 hxg5 46.hxg5 fxg5 47.Bxg7 Qxg7 48.Qxd6 Qe7 49.Qd5 Qh7
50.Qxg5 Qh1+ 51.Qg1 Qh5 52.Qg7 Qd1+ 53.Kg2 Qf3+ 54.Kg1 Qd1+ 55.Kh2 Qh5+ 56.Kg3 Qf3+
57.Kh4 Qxf2+ 58.Qg3 Qf6+ 59.Qg5 Qf2+ 60.Kh5 Qxa2 61.Qe5+ Kd7 62.Qd5+ Kc7
63.Qc5+ Kd7  1/2-1/2

[Event "28th European Club Cup"]
[Site "Eilat ISR"]
[Date "2012.10.17"]
[Round "7.14"]
[White "Rice,C"]
[Black "Mihajlov,Sebastian"]
[Result "0-1"]
[WhiteElo "2040"]
[BlackElo "2043"]

1.c4 c6 2.g3 Nf6 3.Bg2 d5 4.Nf3 e6 5.O-O Nbd7 6.Qc2 Bd6 7.d3 O-O 8.Nbd2 Re8
9.Re1 e5 10.e4 dxe4 11.dxe4 a5 12.Nh4 g6 13.h3 Nh5 14.Nhf3 Nf8 15.b3 Ne6
16.Bb2 f6 17.Kh2 a4 18.Bc3 c5 19.Nf1 Nd4 20.Qb2 Qd7 21.Nh4 b5 22.Ne3 Rb8
23.Nd5 Bb7 24.Bxd4 cxd4 25.Bf3 Bxd5 26.cxd5 Ng7 27.Rac1 Bb4 28.Red1 Bc3 29.Rxc3 dxc3
30.Qxc3 Qd6 31.Rc1 Rec8 32.Qd2 Qb6 33.Rc2 Qd4 34.Qe2 axb3 35.axb3 b4 36.Kg2 Rxc2
37.Qxc2 Qc3 38.Qd1 Rc8 39.Bg4 Qc2 40.Qf3 Rf8 41.Bd7 f5 42.exf5 gxf5 43.Bb5 Qe4
44.Kf1 Kf7 45.Qxe4 fxe4 46.Ke2 Ke7 47.Ke3 Kd6 48.Bc4 Nf5+ 49.Nxf5+ Rxf5 50.Kxe4 Rxf2
51.Ke3 Rc2  0-1

[Event "7th Americas Continental 2012"]
[Site "Mar del Plata ARG"]
[Date "2012.10.17"]
[Round "8.70"]
[White "Pirola,M"]
[Black "Speranza,Mariano"]
[Result "1-0"]
[WhiteElo "2070"]
[BlackElo "1851"]

1.c4 c6 2.Nc3 Nf6 3.Nf3 d5 4.cxd5 cxd5 5.d4 Nc6 6.g3 g6 7.Bg2 Bg7 8.O-O O-O
9.Bf4 Qb6 10.Na4 Qb5 11.b3 e6 12.Re1 Bd7 13.e3 Qb4 14.Rc1 b6 15.Re2 Nh5 16.Rec2 Nxf4
17.gxf4 Rac8 18.Bf1 Qe7 19.Ba6 Rb8 20.Bb5 Na5 21.Rc7 Rfd8 22.Rxa7 Rb7 23.Rxb7 Nxb7
24.Rc7 Nd6 25.Bc6 Nc8 26.Bxd7 Rxd7 27.Rxc8+ Rd8 28.Qc2 b5 29.Qc5  1-0

[Event "7th Americas Continental 2012"]
[Site "Mar del Plata ARG"]
[Date "2012.10.17"]
[Round "8.4"]
[White "Flores,Di"]
[Black "Cori,J"]
[Result "1/2-1/2"]
[WhiteElo "2598"]
[BlackElo "2522"]

1.c4 c6 2.e4 d5 3.exd5 cxd5 4.cxd5 Nf6 5.Nc3 Nxd5 6.Nf3 Nc6 7.d4 Bg4 8.Qb3 Bxf3
9.gxf3 e6 10.Qxb7 Nxd4 11.Bb5+ Nxb5 12.Qxb5+ Qd7 13.Nxd5 exd5 14.Qxd7+ Kxd7
15.Be3 Bb4+ 16.Ke2 Rhc8 17.Rac1 a6 18.Kd3 Bd6 19.h3 g6 20.Rhg1 Be5 21.b3 Rxc1
22.Rxc1 Rc8 23.Rxc8 Kxc8 24.a4 Kd7 25.Bd2 Kc6 26.b4 Bg7 27.Bc3 Bf8 28.Kd4 Bg7+
29.Kd3 Bf8 30.Kd4 Bg7+  1/2-1/2

[Event "Spice Cup Open"]
[Site "Saint Louis USA"]
[Date "2012.10.17"]
[Round "3"]
[White "Mikhalevski,V"]
[Black "Finegold,B"]
[Result "0-1"]
[WhiteElo "2538"]
[BlackElo "2493"]

1.c4 c6 2.Nf3 d5 3.g3 Nf6 4.Bg2 g6 5.b3 Bg7 6.Bb2 O-O 7.O-O Bg4 8.d4 Bxf3
9.Bxf3 e6 10.Nc3 Nbd7 11.e3 Re8 12.Rc1 Nb6 13.Ne2 Nc8 14.Nf4 Nd6 15.Nd3 h5
16.Qe2 a6 17.Rfd1 Qc7 18.Bg2 Rad8 19.Qe1 Qb8 20.Qe2 Kh7 21.Ba3 Nf5 22.Bb4 Rh8
23.Ne5 Kg8 24.Rc2 Bf8 25.Ba5 Re8 26.Bh3 Bd6 27.Qd3 Kg7 28.Re1 Ne7 29.f3 Bc7
30.Bc3 Qd8 31.Rd1 Nd7 32.Qe2 Nxe5 33.dxe5 Qb8 34.f4 dxc4 35.bxc4 Rd8 36.Rd6 b5
37.c5 b4 38.Ba1 Qb5 39.Qd2 Nd5 40.Bd4 Ba5 41.Bf1 Qa4 42.Qf2 b3 43.axb3 Qxb3
44.Bc4 Qb1+ 45.Kg2 h4 46.g4 h3+ 47.Kg3 Be1 48.Bf1 Bxf2+ 49.Rxf2 Qe1 50.Kf3 Rb8
51.f5 gxf5 52.gxf5 Rh5 53.Bd3 Rb3 54.f6+ Kh6 55.Rf1 Rf5+ 56.Kg4 Rxf1 57.Rd8 Qd1+  0-1

[Event "Spice Cup Open"]
[Site "Saint Louis USA"]
[Date "2012.10.18"]
[Round "7"]
[White "Leon Hoyos,M"]
[Black "Amanov,M"]
[Result "1-0"]
[WhiteElo "2603"]
[BlackElo "2507"]

1.c4 c6 2.e4 d5 3.exd5 cxd5 4.d4 Nf6 5.Nc3 Nc6 6.Bf4 e6 7.c5 Be7 8.Bb5 O-O
9.Nge2 Bd7 10.O-O a6 11.Ba4 b6 12.Bxc6 Bxc6 13.b4 bxc5 14.dxc5 Nd7 15.Nd4 Qc8
16.Rc1 Bf6 17.Bd6 Re8 18.Re1 Bb5 19.Ncxb5 axb5 20.Nxb5 Rxa2 21.Bg3 Re7 22.Nd6 Qa8
23.b5 e5 24.c6 Nb6 25.c7 Nc8 26.Nxc8 Qxc8 27.Qxd5 Rb2 28.Qd8+  1-0